Contribuciones al estudio comparativo de la conductancia y de la transpiración foliar de especies de plantas del páramo (Registro nro. 2539)

Detalles MARC
000 -CABECERA
Campo de control 01257cam a2200325 a 4500
005 - FECHA Y HORA DE LA ULTIMA TRANSACCION
Campo de control 20160210171216.0
008 - ELEMENTOS DE LONGITUD FIJA—INFORMACION GENERAL
Campo de control 951019s1995 ck a r 0 0 0 spa d
015 ## - NATIONAL BIBLIOGRAPHY NUMBER
National bibliography number SSS
020 ## - ISBN
ISBN 9589205194
040 ## - FUENTE DE CATALOGACIÓN
Agencia catalogadora original CO-BoPUJ
Agencia transcriptora CO-BoIAVH
041 0# - IDIOMA
Código de idioma para texto/pista de sonido o título separado Español
043 ## - GEOGRAPHIC AREA CODE
Geographic area code s-ck---
082 04 - NUMERO DE CLASIFICACION DECIMAL DEWEY
Número de clasificación 581.12
Número del ítem C76c
245 10 - MENCION DE TITULO
Título Contribuciones al estudio comparativo de la conductancia y de la transpiración foliar de especies de plantas del páramo
Mención de responsabilidad Luis Eduardo Mora-Osejo...[et al.] ; prólogo Thomas van der Hammen
260 ## - PUBLICACION, DISTRIBUCION, ETC. (PIE DE IMPRENTA)
Lugar de publicación, distribución, etc. Bogotá
Nombre del editor, distribuidor, etc. Academia Colombiana de Ciencias Exactas, Físicas y Naturales
Fecha de publicación, distribución, etc. 2001.
300 ## - DESCRIPCION FISICA
Extensión xi, 281 p.
Otros detalles físicos il, diagramas, fotos
504 ## - NOTA DE BIBLIOGRAFIA, ETC.
Nota de bibliografía Incluye referencias bibliográficas.
650 24 - ASIENTO SECUNDARIO DE MATERIA - TERMINO TEMATICO
Término temático o nombre geográfico como elemento de entrada Fisiología vegetal
650 24 - ASIENTO SECUNDARIO DE MATERIA - TERMINO TEMATICO
Término temático o nombre geográfico como elemento de entrada Conductancia foliar
650 24 - ASIENTO SECUNDARIO DE MATERIA - TERMINO TEMATICO
Término temático o nombre geográfico como elemento de entrada Ecología de páramos
Subdivisión geográfica Colombia
650 24 - ASIENTO SECUNDARIO DE MATERIA - TERMINO TEMATICO
Término temático o nombre geográfico como elemento de entrada Flora de páramos
Subdivisión geográfica Colombia
650 24 - ASIENTO SECUNDARIO DE MATERIA - TERMINO TEMATICO
Término temático o nombre geográfico como elemento de entrada Páramos
Subdivisión geográfica Colombia
700 1# - ASIENTO SECUNDARIO - NOMBRE PERSONAL
Nombre personal Mora Osejo, Luis Eduardo
Fechas asociadas con el nombre 1931-
700 1# - ASIENTO SECUNDARIO - NOMBRE PERSONAL
Nombre personal Becerra de Lozano, Nubia
700 1# - ASIENTO SECUNDARIO - NOMBRE PERSONAL
Nombre personal Coba de Gutierrez, Bertha
700 1# - ASIENTO SECUNDARIO - NOMBRE PERSONAL
Nombre personal Arenas Salazar, Hernando
700 1# - ASIENTO SECUNDARIO - NOMBRE PERSONAL
Nombre personal Santos Rueda, Fernando
700 1# - ASIENTO SECUNDARIO - NOMBRE PERSONAL
Nombre personal Hammen, Thomas van der
Término de relación Pr�ol.
942 ## - ELEMENTOS ADICIONALES (KOHA)
Sistema de clasificación Dewey Decimal Classification
Tipo de ítem Libro
Existencias
Withdrawn status Lost status Sistema de Clasificación Damaged status No para préstamo Colección Inventariado Ubicación Permanente Ubicación actual Fecha de adquisición Fuente de Valor Valor Total Checkouts Número topográfico Inventario / Código de Barras Date last seen Ejemplar Price effective from Forma de adquisición Tipo de material
    Dewey Decimal Classification     General Inventariado 2017 Bogotá Bogotá 08/02/2002 Instituto 39000.00   LB-581.12 C76c 003136 04/12/2012 Ej. 1 04/12/2012   Libro